Romantic Comedy Movie Posters Quiz Stats

 Plays Quiz Updated Jun 16, 2016

Challenge
Share
Tweet
Score 0/20 Timer 04:00
0 Plays Today
Picture Movie % Correct
The Wedding Singer
89.9%
When Harry Met Sally...
88.2%
My Big Fat Greek Wedding
87.3%
Pretty Woman
86%
Notting Hill
82.3%
Sleepless in Seattle
82.2%
The Proposal
80.2%
Hitch
80.1%
Maid in Manhattan
74.5%
10 Things I Hate About You
74.1%
Picture Movie % Correct
Love Actually
73%
Valentine's Day
72.4%
How to Lose a Guy in 10 Days
70.9%
Sixteen Candles
70.3%
Forgetting Sarah Marshall
63.3%
Say Anything...
54.3%
(500) Days of Summer
50.6%
Roxanne
47.2%
Four Weddings and a Funeral
45.6%
Crazy, Stupid, Love.
24.5%

You're not logged in!

Compare scores with friends on all Sporcle quizzes.
Join for Free
OR
Log In

You Might Also Like...

Show Comments

Extras

Top Quizzes Today


Score Distribution

Your Account Isn't Verified!

In order to create a playlist on Sporcle, you need to verify the email address you used during registration. Go to your Sporcle Settings to finish the process.

Report this User

Report this user for behavior that violates our Community Guidelines.

Details: